000 00196 a2200097 4500
001 29387
100 _aGowing
245 _aThe atomic bomb
260 _a
_bButter worth
_c
090 _c19600
_d19600
942 _aNUST-CAE
_cM
_c10670
999 _c264460
_d264460